000 01193nam a2200313 a 4500
001 ebr10035794
003 CaPaEBR
006 m u
007 cr cn|||||||||
008 900613s1991 nju sb 001 0ceng
010 _z 90040843
020 _z0691087253 (alk. paper)
040 _aCaPaEBR
_cCaPaEBR
035 _a(OCoLC)228043052
050 1 4 _aQC174.12
_b.B464 1991eb
082 0 4 _a530.1/2/0922
_220
100 1 _aBernstein, Jeremy,
_d1929-
245 1 0 _aQuantum profiles
_h[electronic resource] /
_cJeremy Bernstein.
260 _aPrinceton, N.J. :
_bPrinceton University Press,
_cc1991.
300 _aviii, 178 p.
504 _aIncludes bibliographical references (p. 167) and index.
533 _aElectronic reproduction.
_bPalo Alto, Calif. :
_cebrary,
_d2013.
_nAvailable via World Wide Web.
_nAccess may be limited to ebrary affiliated libraries.
650 0 _aQuantum theory.
650 0 _aPhysicists
_vInterviews.
650 0 _aPhysicists
_vBiography.
655 7 _aElectronic books.
_2local
710 2 _aebrary, Inc.
856 4 0 _uhttp://site.ebrary.com/lib/rucke/Doc?id=10035794
_zAn electronic book accessible through the World Wide Web; click to view
999 _c166545
_d166545